[Event "XXII. DBMM Schach"]
[Site "Dresden"]
[Date "2024.01.21"]
[Round "7.3"]
[Board "3"]
[White "Bluemer, Timo"]
[Black "Bauland, Thomas"]
[Result "0-1"]
[WhiteElo "1200"]
[BlackElo "1892"]
[Annotator "br"]
[PlyCount "136"]
[GameId "489223834077"]
[EventDate "2024.01.18"]
[EventType "team-swiss"]
[EventRounds "7"]
[EventCountry "GER"]
[Tiebreak "Buchholz"]
[SourceTitle "XXII. DBMM Schach"]
[Source "FV Schach e.V."]
[SourceDate "2024.01.21"]
[SourceVersion "1"]
[SourceVersionDate "2024.01.21"]
[SourceQuality "1"]
[WhiteTeam "DZ Bank Frankfurt"]
[BlackTeam "Siemens Energy Duisburg"]
[WhiteTeamCountry "GER"]
[BlackTeamCountry "GER"]

1. e4 e6 2. d4 d5 3. Nc3 Nf6 4. e5 Nfd7 5. f4 c5 6. Nf3 Nc6 7. Be3 cxd4 8. Nxd4 Bc5 9. Qd2 a6 10. O-O-O O-O 11. Kb1 Nxd4 12. Bxd4 Bxd4 13. Qxd4 b5 14. h4 Nb6 15. h5 Nc4 16. Qf2 f6 17. exf6 Qxf6 18. g3 Bb7 19. Bxc4 bxc4 20. Rhe1 Rab8 21. Qd4 Bc6 22. Qxf6 Rxf6 23. Re5 Kf7 24. Ne2 Bd7 25. Nd4 Rb6 26. Nf3 h6 27. c3 a5 28. Rd2 Bc6 29. Rd4 Ke7 30. Kc1 Kd6 31. Nd2 Kc7 32. Nf1 Bd7 33. Ne3 Rd6 34. b3 cxb3 35. axb3 Rf8 36. c4 Rb8 37. cxd5 Rxb3 38. Rc4+ Kd8 39. dxe6 Rxe6 40. Rxe6 Bxe6 41. Re4 Kd7 42. Kd2 Rb4 43. Kd3 Rxe4 44. Kxe4 a4 45. g4 a3 46. Nc2 a2 47. g5 Bg4 48. Kd4 hxg5 49. fxg5 Bxh5 50. Kc3 Bg6 51. Na1 Bf7 52. Kb2 Kd6 53. Nc2 Ke5 54. g6 Bxg6 55. Ne3 Kd4 56. Ng4 Bb1 57. Ka1 Ke4 58. Kb2 Kf4 59. Nf2 Kf3 60. Nh3 Kg4 61. Nf2+ Kg3 62. Nd1 g5 63. Ne3 Kf3 64. Nc4 Kf4 65. Nd2 g4 66. Nf1 Ke4 67. Ng3+ Ke3 68. Nh5 Bg6 0-1

[Event "XXII. DBMM Schach"]
[Site "Dresden"]
[Date "2024.01.21"]
[Round "7.4"]
[Board "4"]
[White "Feldhoff, Markus"]
[Black "Diehl, Stefan"]
[Result "1/2-1/2"]
[WhiteElo "1874"]
[BlackElo "1830"]
[Annotator "br"]
[PlyCount "20"]
[GameId "489223834078"]
[EventDate "2024.01.18"]
[EventType "team-swiss"]
[EventRounds "7"]
[EventCountry "GER"]
[Tiebreak "Buchholz"]
[SourceTitle "XXII. DBMM Schach"]
[Source "FV Schach e.V."]
[SourceDate "2024.01.21"]
[SourceVersion "1"]
[SourceVersionDate "2024.01.21"]
[SourceQuality "1"]
[WhiteTeam "Siemens Energy Duisburg"]
[BlackTeam "DZ Bank Frankfurt"]
[WhiteTeamCountry "GER"]
[BlackTeamCountry "GER"]

1. Nf3 c6 2. d3 d5 3. c3 Nf6 4. Bg5 Nbd7 5. Qc2 g6 6. Nbd2 Bg7 7. e3 Qb6 8. Be2 h6 9. Bh4 Nh5 10. O-O Nf4 1/2-1/2

[Event "XXII. DBMM Schach"]
[Site "Dresden"]
[Date "2024.01.21"]
[Round "7.1"]
[Board "1"]
[White "Koscielski, Janusz"]
[Black "Hund, Sarah"]
[Result "1-0"]
[WhiteElo "2261"]
[BlackElo "2015"]
[Annotator "br"]
[PlyCount "101"]
[GameId "489223834079"]
[EventDate "2024.01.18"]
[EventType "team-swiss"]
[EventRounds "7"]
[EventCountry "GER"]
[Tiebreak "Buchholz"]
[SourceTitle "XXII. DBMM Schach"]
[Source "FV Schach e.V."]
[SourceDate "2024.01.21"]
[SourceVersion "1"]
[SourceVersionDate "2024.01.21"]
[SourceQuality "1"]
[WhiteTeam "fachpool gGmbH Herne"]
[BlackTeam "SV Sparkassenversicherung Suttgart"]
[WhiteTeamCountry "GER"]
[BlackTeamCountry "GER"]

1. e4 c5 2. c3 d5 3. exd5 Qxd5 4. Nf3 Nf6 5. Na3 Nc6 6. Bc4 Qe4+ 7. Be2 Bg4 8. d3 Qd5 9. Nc4 e6 10. Qa4 Rd8 11. Ne3 Qh5 12. h3 Bxf3 13. Bxf3 Qe5 14. Bxc6+ bxc6 15. Qxc6+ Rd7 16. O-O Bd6 17. f4 Qh5 18. Nc4 Bb8 19. Be3 O-O 20. Qxc5 Rd5 21. Qa3 Rxd3 22. Bxa7 Rg3 23. Kh2 Rg6 24. Rf3 Qg5 25. Rg1 Bxf4+ 26. g3 Bc7 27. Qc5 Nd5 28. Ne3 Qh5 29. Nxd5 exd5 30. Kg2 Bd6 31. Qf2 Rh6 32. Rh1 Re8 33. Re3 Ra8 34. Bd4 f5 35. a3 f4 36. gxf4 Rf8 37. Rf3 Rg6+ 38. Kh2 Rg4 39. Be3 Rh4 40. Rg1 Kh8 41. Qg3 g6 42. Kg2 Rf5 43. Kf2 Qh6 44. Ke2 Bxf4 45. Bxf4 Rfxf4 46. Rgf1 Re4+ 47. Kd1 Re8 48. Qf2 Qh5 49. Kc2 Ree4 50. Qa7 Re2+ 51. Kb1 1-0

[Event "XXII. DBMM Schach"]
[Site "Dresden"]
[Date "2024.01.21"]
[Round "7.2"]
[Board "2"]
[White "Schimmele, Alexander"]
[Black "Hortolani, Sven Holger"]
[Result "1/2-1/2"]
[WhiteElo "1969"]
[BlackElo "2135"]
[Annotator "br"]
[PlyCount "37"]
[GameId "489223834080"]
[EventDate "2024.01.18"]
[EventType "team-swiss"]
[EventRounds "7"]
[EventCountry "GER"]
[Tiebreak "Buchholz"]
[SourceTitle "XXII. DBMM Schach"]
[Source "FV Schach e.V."]
[SourceDate "2024.01.21"]
[SourceVersion "1"]
[SourceVersionDate "2024.01.21"]
[SourceQuality "1"]
[WhiteTeam "SV Sparkassenversicherung Suttgart"]
[BlackTeam "fachpool gGmbH Herne"]
[WhiteTeamCountry "GER"]
[BlackTeamCountry "GER"]

1. e4 Nf6 2. e5 Nd5 3. c4 Nb6 4. d4 d6 5. exd6 exd6 6. Nf3 Bg4 7. b3 Be7 8. Be3 Bf6 9. Nbd2 Nc6 10. Ne4 O-O 11. Be2 Be7 12. d5 Bxf3 13. Bxf3 Ne5 14. Be2 f5 15. f4 Nbxc4 16. bxc4 fxe4 17. O-O c6 18. Rc1 c5 19. Bg4 1/2-1/2

[Event "XXII. DBMM Schach"]
[Site "Dresden"]
[Date "2024.01.21"]
[Round "7.3"]
[Board "3"]
[White "Selmanaj, Agim"]
[Black "Kecker, Christopher"]
[Result "0-1"]
[WhiteElo "1643"]
[BlackElo "1564"]
[Annotator "br"]
[PlyCount "47"]
[GameId "489223834081"]
[EventDate "2024.01.18"]
[EventType "team-swiss"]
[EventRounds "7"]
[EventCountry "GER"]
[Tiebreak "Buchholz"]
[SourceTitle "XXII. DBMM Schach"]
[Source "FV Schach e.V."]
[SourceDate "2024.01.21"]
[SourceVersion "1"]
[SourceVersionDate "2024.01.21"]
[SourceQuality "1"]
[WhiteTeam "fachpool gGmbH Herne"]
[BlackTeam "SV Sparkassenversicherung Suttgart"]
[WhiteTeamCountry "GER"]
[BlackTeamCountry "GER"]

1. e4 c6 2. d4 d5 3. exd5 cxd5 4. Nf3 Bg4 5. Be2 Nc6 6. c3 e6 7. h3 Bxf3 8. Bxf3 Bd6 9. Be3 Nf6 10. Bg5 O-O 11. Nd2 h6 12. Bh4 g5 13. Bg3 Bxg3 14. fxg3 Qd6 15. g4 Qg3+ 16. Ke2 Qd6 17. Nf1 e5 18. Kf2 Rae8 19. Ng3 e4 20. Nf5 Qc7 21. Nxh6+ Kh7 22. Nf5 exf3 23. gxf3 Qf4 24. h4 0-1

[Event "XXII. DBMM Schach"]
[Site "Dresden"]
[Date "2024.01.21"]
[Round "7.4"]
[Board "4"]
[White "Zeger, Detlef"]
[Black "Rhein, Volker"]
[Result "0-1"]
[WhiteElo "1200"]
[BlackElo "1300"]
[Annotator "br"]
[PlyCount "50"]
[GameId "489223834082"]
[EventDate "2024.01.18"]
[EventType "team-swiss"]
[EventRounds "7"]
[EventCountry "GER"]
[Tiebreak "Buchholz"]
[SourceTitle "XXII. DBMM Schach"]
[Source "FV Schach e.V."]
[SourceDate "2024.01.21"]
[SourceVersion "1"]
[SourceVersionDate "2024.01.21"]
[SourceQuality "1"]
[WhiteTeam "SV Sparkassenversicherung Suttgart"]
[BlackTeam "fachpool gGmbH Herne"]
[WhiteTeamCountry "GER"]
[BlackTeamCountry "GER"]

1. d4 d5 2. Nc3 Nf6 3. e3 a6 4. Nf3 e6 5. Ne5 c5 6. Qf3 Nc6 7. Nxc6 bxc6 8. Qf4 cxd4 9. Qxd4 c5 10. Qd2 c4 11. Qe2 Bb4 12. Bd2 O-O 13. b3 d4 14. exd4 Qxd4 15. O-O-O Qc5 16. Ne4 Nxe4 17. Qxe4 Rb8 18. Bxc4 Bb7 19. Qg4 Bd5 20. Bh6 g6 21. Bxf8 Qxf2 22. Kb2 Bxf8 23. Rhe1 Qxg2 24. Qe2 Bg7+ 25. c3 Bxc3+ {Rest unleserlich.} 0-1

[Event "XXII. DBMM Schach"]
[Site "Dresden"]
[Date "2024.01.21"]
[Round "7.1"]
[Board "1"]
[White "Grabow, Carsten"]
[Black "Walther, Hans Wolfgang"]
[Result "1/2-1/2"]
[WhiteElo "2067"]
[BlackElo "2085"]
[Annotator "br"]
[PlyCount "35"]
[GameId "489223834083"]
[EventDate "2024.01.18"]
[EventType "team-swiss"]
[EventRounds "7"]
[EventCountry "GER"]
[Tiebreak "Buchholz"]
[SourceTitle "XXII. DBMM Schach"]
[Source "FV Schach e.V."]
[SourceDate "2024.01.21"]
[SourceVersion "1"]
[SourceVersionDate "2024.01.21"]
[SourceQuality "1"]
[WhiteTeam "d-fine Frankfurt II"]
[BlackTeam "Deutsche Bahn/BSW Berlin"]
[WhiteTeamCountry "GER"]
[BlackTeamCountry "GER"]

1. e4 e5 2. Nf3 Nc6 3. d4 exd4 4. Nxd4 Nf6 5. Nxc6 bxc6 6. e5 Ne4 7. Bc4 d5 8. exd6 cxd6 9. O-O d5 10. Bd3 Nc5 11. Re1+ Be7 12. Bg5 Ne6 13. Bxe7 Qxe7 14. Nd2 O-O 15. Nf3 Qd6 16. Qd2 f6 17. b4 c5 18. bxc5 1/2-1/2

[Event "XXII. DBMM Schach"]
[Site "Dresden"]
[Date "2024.01.21"]
[Round "7.2"]
[Board "2"]
[White "Francke, Dirk"]
[Black "Belzner, Jonas"]
[Result "0-1"]
[WhiteElo "2035"]
[BlackElo "1911"]
[Annotator "br"]
[PlyCount "108"]
[GameId "489223834084"]
[EventDate "2024.01.18"]
[EventType "team-swiss"]
[EventRounds "7"]
[EventCountry "GER"]
[Tiebreak "Buchholz"]
[SourceTitle "XXII. DBMM Schach"]
[Source "FV Schach e.V."]
[SourceDate "2024.01.21"]
[SourceVersion "1"]
[SourceVersionDate "2024.01.21"]
[SourceQuality "1"]
[WhiteTeam "Deutsche Bahn/BSW Berlin"]
[BlackTeam "d-fine Frankfurt II"]
[WhiteTeamCountry "GER"]
[BlackTeamCountry "GER"]

1. b4 d5 2. Bb2 e6 3. e3 Nf6 4. a3 Be7 5. c4 b6 6. Nf3 O-O 7. d4 dxc4 8. Bxc4 Bb7 9. Nbd2 Nbd7 10. O-O c5 11. b5 Rc8 12. Qb3 cxd4 13. exd4 Nd5 14. Rfd1 Qc7 15. Rac1 Qf4 16. Nf1 Rfd8 17. Ne3 N7f6 18. Ne5 Bd6 19. g3 Qg5 20. Bxd5 Nxd5 21. Nc6 Bxc6 22. Rxc6 Rxc6 23. bxc6 Rc8 24. Nxd5 Qxd5 25. Qxd5 exd5 26. Rc1 b5 27. Kf1 Kf8 28. Ke2 Ke7 29. Kd3 Kd8 30. Rc2 Kc7 31. Kc3 Kb6 32. Kb3 a5 33. a4 Rxc6 34. Rxc6+ Kxc6 35. Bc3 Kb6 36. Bd2 f5 37. f4 h6 38. Be3 Bb4 39. Bc1 Be1 40. Be3 Kc6 41. Bg1 Bd2 42. Kc2 Be1 43. Kb3 bxa4+ 44. Kxa4 Bd2 45. Bf2 g5 46. fxg5 hxg5 47. h3 g4 48. h4 Kd6 49. Kb3 Ke6 50. Kc2 Bh6 51. Be1 a4 52. Bb4 f4 53. Be1 Kf5 54. Kd3 a3 0-1

[Event "XXII. DBMM Schach"]
[Site "Dresden"]
[Date "2024.01.21"]
[Round "7.3"]
[Board "3"]
[White "Goeppl, Florian"]
[Black "Strauss, Peter"]
[Result "1-0"]
[WhiteElo "2022"]
[BlackElo "1849"]
[Annotator "br"]
[PlyCount "35"]
[GameId "489223834085"]
[EventDate "2024.01.18"]
[EventType "team-swiss"]
[EventRounds "7"]
[EventCountry "GER"]
[Tiebreak "Buchholz"]
[SourceTitle "XXII. DBMM Schach"]
[Source "FV Schach e.V."]
[SourceDate "2024.01.21"]
[SourceVersion "1"]
[SourceVersionDate "2024.01.21"]
[SourceQuality "1"]
[WhiteTeam "d-fine Frankfurt II"]
[BlackTeam "Deutsche Bahn/BSW Berlin"]
[WhiteTeamCountry "GER"]
[BlackTeamCountry "GER"]

1. e4 c5 2. d4 cxd4 3. c3 dxc3 4. Nxc3 d6 5. Nf3 Nc6 6. Bc4 e6 7. O-O Be7 8. Qe2 a6 9. Rd1 b5 10. Bb3 Bb7 11. Bf4 h6 12. Bxd6 Bxd6 13. e5 Nxe5 14. Nxe5 Qg5 15. f4 Bc5+ 16. Kh1 Qh4 17. Nxf7 Qh3 18. Nxh8 1-0

[Event "XXII. DBMM Schach"]
[Site "Dresden"]
[Date "2024.01.21"]
[Round "7.4"]
[Board "4"]
[White "Fitzke, Ulrich"]
[Black "Broeker, Yannic"]
[Result "0-1"]
[WhiteElo "1765"]
[BlackElo "1829"]
[Annotator "br"]
[PlyCount "81"]
[GameId "489223834086"]
[EventDate "2024.01.18"]
[EventType "team-swiss"]
[EventRounds "7"]
[EventCountry "GER"]
[Tiebreak "Buchholz"]
[SourceTitle "XXII. DBMM Schach"]
[Source "FV Schach e.V."]
[SourceDate "2024.01.21"]
[SourceVersion "1"]
[SourceVersionDate "2024.01.21"]
[SourceQuality "1"]
[WhiteTeam "Deutsche Bahn/BSW Berlin"]
[BlackTeam "d-fine Frankfurt II"]
[WhiteTeamCountry "GER"]
[BlackTeamCountry "GER"]

1. d4 Nf6 2. c4 e6 3. a3 b6 4. Nc3 Bb7 5. e3 d5 6. Nf3 Bd6 7. Bd3 O-O 8. O-O c5 9. Qe2 Ne4 10. Nb5 Be7 11. cxd5 exd5 12. dxc5 bxc5 13. Rd1 Qb6 14. a4 Nc6 15. Nd2 Ne5 16. Bc2 Rfd8 17. Nxe4 dxe4 18. b3 Rxd1+ 19. Qxd1 Rd8 20. Qe1 Qg6 21. Kh1 Bf6 22. Rb1 Nd3 23. Qg1 Qf5 24. Bxd3 exd3 25. Bd2 a5 26. Na3 h5 27. Nc4 h4 28. h3 Qxh3+ 29. Qh2 Qf5 30. Nd6 Bxg2+ 31. Qxg2 Rxd6 32. Qa8+ Kh7 33. Kg1 h3 34. Qh1 Bh4 35. Rf1 Rg6+ 36. Kh2 Rg2+ 37. Qxg2 hxg2 38. Kxg2 Qg4+ 39. Kh2 Qe2 40. Kg2 Qxd2 41. Rh1 0-1

[Event "XXII. DBMM Schach"]
[Site "Dresden"]
[Date "2024.01.21"]
[Round "7.1"]
[Board "1"]
[White "Hebbinghaus, Holger"]
[Black "Feikes, Joerg"]
[Result "1/2-1/2"]
[WhiteElo "2151"]
[BlackElo "2054"]
[Annotator "br"]
[PlyCount "93"]
[GameId "489223834087"]
[EventDate "2024.01.18"]
[EventType "team-swiss"]
[EventRounds "7"]
[EventCountry "GER"]
[Tiebreak "Buchholz"]
[SourceTitle "XXII. DBMM Schach"]
[Source "FV Schach e.V."]
[SourceDate "2024.01.21"]
[SourceVersion "1"]
[SourceVersionDate "2024.01.21"]
[SourceQuality "1"]
[WhiteTeam "BWVL Hamburg"]
[BlackTeam "BA Tempelhof Berlin II"]
[WhiteTeamCountry "GER"]
[BlackTeamCountry "GER"]

1. e4 e5 2. Nf3 Nc6 3. Bb5 a6 4. Ba4 Nf6 5. d3 b5 6. Bb3 Bc5 7. Nc3 h6 8. Nd5 d6 9. c3 Rb8 10. d4 exd4 11. Nxd4 Bd7 12. O-O O-O 13. f3 b4 14. Be3 bxc3 15. bxc3 Na5 16. Bf2 Bb5 17. c4 Nxd5 18. exd5 Bd7 19. Qd3 Nxb3 20. axb3 Rb6 21. Nc2 Bxf2+ 22. Rxf2 Qf6 23. Nd4 c5 24. dxc6 Bxc6 25. Re1 Re8 26. Rxe8+ Bxe8 27. Re2 Bd7 28. Qd2 Rb8 29. Re4 Re8 30. Rxe8+ Bxe8 31. Qe3 Bd7 32. f4 g6 33. b4 Kf8 34. g3 Qe7 35. Kf2 Bc8 36. Qxe7+ Kxe7 37. Ke3 Bb7 38. Nb3 Ke6 39. Na5 Bg2 40. b5 axb5 41. cxb5 Kd7 42. b6 f5 43. Kd4 Bf3 44. Kc4 Be2+ 45. Kb4 Bf1 46. Kc3 Bg2 47. Kd4 1/2-1/2

[Event "XXII. DBMM Schach"]
[Site "Dresden"]
[Date "2024.01.21"]
[Round "7.2"]
[Board "2"]
[White "Baranowsky, Peter"]
[Black "Varain, Ernst Helmuth"]
[Result "1/2-1/2"]
[WhiteElo "1883"]
[BlackElo "2019"]
[Annotator "br"]
[PlyCount "31"]
[GameId "489223834088"]
[EventDate "2024.01.18"]
[EventType "team-swiss"]
[EventRounds "7"]
[EventCountry "GER"]
[Tiebreak "Buchholz"]
[SourceTitle "XXII. DBMM Schach"]
[Source "FV Schach e.V."]
[SourceDate "2024.01.21"]
[SourceVersion "1"]
[SourceVersionDate "2024.01.21"]
[SourceQuality "1"]
[WhiteTeam "BA Tempelhof Berlin II"]
[BlackTeam "BWVL Hamburg"]
[WhiteTeamCountry "GER"]
[BlackTeamCountry "GER"]

1. c4 Nf6 2. g3 g6 3. Bg2 d5 4. cxd5 Nxd5 5. Nc3 Nb6 6. d3 Bg7 7. Be3 c6 8. Qd2 h6 9. Rd1 N8d7 10. Nf3 Nf6 11. h3 Be6 12. O-O Qd7 13. Kh2 Nfd5 14. Bd4 Nf6 15. Be3 Nfd5 16. Bd4 1/2-1/2

[Event "XXII. DBMM Schach"]
[Site "Dresden"]
[Date "2024.01.21"]
[Round "7.3"]
[Board "3"]
[White "Felten, Joachim"]
[Black "Koerlin, Hans Juergen"]
[Result "1/2-1/2"]
[WhiteElo "2096"]
[BlackElo "1855"]
[Annotator "br"]
[PlyCount "61"]
[GameId "489223834091"]
[EventDate "2024.01.18"]
[EventType "team-swiss"]
[EventRounds "7"]
[EventCountry "GER"]
[Tiebreak "Buchholz"]
[SourceTitle "XXII. DBMM Schach"]
[Source "FV Schach e.V."]
[SourceDate "2024.01.21"]
[SourceVersion "1"]
[SourceVersionDate "2024.01.21"]
[SourceQuality "1"]
[WhiteTeam "BWVL Hamburg"]
[BlackTeam "BA Tempelhof Berlin II"]
[WhiteTeamCountry "GER"]
[BlackTeamCountry "GER"]

1. e4 e5 2. Nf3 Nc6 3. d4 exd4 4. Bc4 Bc5 5. O-O Nf6 6. e5 d5 7. exf6 dxc4 8. fxg7 Rg8 9. Bg5 Be7 10. Bxe7 Kxe7 11. Re1+ Be6 12. Re4 d3 13. Nbd2 Qd5 14. Rxc4 Rxg7 15. cxd3 Rag8 16. g3 Bg4 17. Re4+ Kd8 18. Qe1 f5 19. Rf4 Qd6 20. Rc4 Re8 21. Qf1 f4 22. Re1 Rxe1 23. Qxe1 fxg3 24. hxg3 h5 25. Re4 Qxd3 26. Re8+ Kd7 27. Re3 Qg6 28. Nc4 Bxf3 29. Rxf3 h4 30. Qd2+ Ke8 31. Qd3 1/2-1/2

[Event "XXII. DBMM Schach"]
[Site "Dresden"]
[Date "2024.01.21"]
[Round "7.4"]
[Board "4"]
[White "Thomas, Andreas"]
[Black "Limbach, Torsten"]
[Result "1/2-1/2"]
[WhiteElo "1835"]
[BlackElo "1980"]
[Annotator "br"]
[PlyCount "54"]
[GameId "489223834093"]
[EventDate "2024.01.18"]
[EventType "team-swiss"]
[EventRounds "7"]
[EventCountry "GER"]
[Tiebreak "Buchholz"]
[SourceTitle "XXII. DBMM Schach"]
[Source "FV Schach e.V."]
[SourceDate "2024.01.21"]
[SourceVersion "1"]
[SourceVersionDate "2024.01.21"]
[SourceQuality "1"]
[WhiteTeam "BA Tempelhof Berlin II"]
[BlackTeam "BWVL Hamburg"]
[WhiteTeamCountry "GER"]
[BlackTeamCountry "GER"]

1. c4 c6 2. Nf3 d5 3. e3 Nf6 4. d4 Bg4 5. Bd3 e6 6. O-O Bd6 7. h3 Bh5 8. Nbd2 Nbd7 9. b3 O-O 10. Qc2 Bg6 11. Bb2 Bxd3 12. Qxd3 a5 13. a3 Re8 14. Ne5 Bc7 15. Ndf3 Ne4 16. Rfe1 Nxe5 17. dxe5 Qb8 18. Qc2 b5 19. Rac1 bxc4 20. bxc4 Rc8 21. Rb1 Qa7 22. Rec1 a4 23. cxd5 cxd5 24. Qc6 h6 25. Bd4 Bb6 26. Qxb6 Qxb6 27. Bxb6 Nc3 1/2-1/2

[Event "XXII. DBMM Schach"]
[Site "Dresden"]
[Date "2024.01.21"]
[Round "7.1"]
[Board "1"]
[White "Piepenburg, Rolf"]
[Black "Fromme, Thorben"]
[Result "1/2-1/2"]
[WhiteElo "2013"]
[BlackElo "1700"]
[Annotator "fb"]
[PlyCount "36"]
[GameId "489223834094"]
[EventDate "2024.01.18"]
[EventType "team-swiss"]
[EventRounds "7"]
[EventCountry "GER"]
[Tiebreak "Buchholz"]
[SourceTitle "XXII. DBMM Schach"]
[Source "FV Schach e.V."]
[SourceDate "2024.01.21"]
[SourceVersion "1"]
[SourceVersionDate "2024.01.21"]
[SourceQuality "1"]
[WhiteTeam "BSG Commerzbank Frankfurt"]
[BlackTeam "DZ Bank Frankfurt II"]
[WhiteTeamCountry "GER"]
[BlackTeamCountry "GER"]

1. Nf3 d5 2. g3 Nf6 3. Bg2 c6 4. O-O Bf5 5. d3 h6 6. b3 e6 7. Bb2 Bd6 8. Nbd2 O-O 9. c4 Nbd7 10. a3 Qc7 11. Rc1 Rac8 12. cxd5 exd5 13. Nd4 Bg6 14. Nb5 Qb8 15. Nxd6 Qxd6 16. Nf3 Rfe8 17. Re1 Re7 18. Bh3 Rce8 1/2-1/2

[Event "XXII. DBMM Schach"]
[Site "Dresden"]
[Date "2024.01.21"]
[Round "7.2"]
[Board "2"]
[White "Rasskazov, Oleg"]
[Black "Heuermann, Heinz Burkhard"]
[Result "1-0"]
[WhiteElo "1200"]
[BlackElo "1793"]
[Annotator "br"]
[PlyCount "49"]
[GameId "489223834095"]
[EventDate "2024.01.18"]
[EventType "team-swiss"]
[EventRounds "7"]
[EventCountry "GER"]
[Tiebreak "Buchholz"]
[SourceTitle "XXII. DBMM Schach"]
[Source "FV Schach e.V."]
[SourceDate "2024.01.21"]
[SourceVersion "1"]
[SourceVersionDate "2024.01.21"]
[SourceQuality "1"]
[WhiteTeam "DZ Bank Frankfurt II"]
[BlackTeam "BSG Commerzbank Frankfurt"]
[WhiteTeamCountry "GER"]
[BlackTeamCountry "GER"]

1. c4 e5 2. Nc3 Nf6 3. d3 d5 4. Bg5 dxc4 5. Qa4+ Nc6 6. dxc4 Bb4 7. Rd1 Bxc3+ 8. bxc3 Bd7 9. Bxf6 Qxf6 10. Rxd7 Kxd7 11. Nf3 Rad8 12. e3 Kc8 13. Be2 Kb8 14. O-O Rd6 15. c5 Rd5 16. Qc4 Rhd8 17. e4 R5d7 18. Rb1 Ka8 19. Qb5 Rb8 20. Bc4 g5 21. Bd5 g4 22. Nd2 a6 23. Qa4 Qe7 24. Bxc6 bxc6 25. Qxa6# 1-0

[Event "XXII. DBMM Schach"]
[Site "Dresden"]
[Date "2024.01.21"]
[Round "7.3"]
[Board "3"]
[White "Gebhardt, Christian"]
[Black "Elpelt, Silvia"]
[Result "1-0"]
[WhiteElo "1842"]
[BlackElo "1483"]
[Annotator "br"]
[PlyCount "131"]
[GameId "489223834096"]
[EventDate "2024.01.18"]
[EventType "team-swiss"]
[EventRounds "7"]
[EventCountry "GER"]
[Tiebreak "Buchholz"]
[SourceTitle "XXII. DBMM Schach"]
[Source "FV Schach e.V."]
[SourceDate "2024.01.21"]
[SourceVersion "1"]
[SourceVersionDate "2024.01.21"]
[SourceQuality "1"]
[WhiteTeam "BSG Commerzbank Frankfurt"]
[BlackTeam "DZ Bank Frankfurt II"]
[WhiteTeamCountry "GER"]
[BlackTeamCountry "GER"]

1. e4 e5 2. f4 d6 3. Nf3 Nc6 4. Bc4 Bg4 5. O-O Nf6 6. d3 Qd7 7. h3 Bxf3 8. Qxf3 O-O-O 9. c3 a6 10. b4 d5 11. exd5 Nxd5 12. b5 Bc5+ 13. Kh1 axb5 14. Bxb5 f6 15. Ba3 Qd6 16. Bxc6 Qxc6 17. c4 Bd4 18. cxd5 Qxd5 19. Nd2 Bxa1 20. Qxd5 Rxd5 21. Rxa1 Rxd3 22. Nb3 exf4 23. Rf1 g5 24. Be7 h6 25. Bxf6 Rg8 26. h4 Rg6 27. hxg5 hxg5 28. Be7 b6 29. Ba3 c5 30. Bc1 Rgd6 31. Bxf4 gxf4 32. Rxf4 Rd1+ 33. Kh2 Rh6+ 34. Kg3 Rd3+ 35. Kf2 Rg6 36. g4 Kd7 37. Ke2 Rg3 38. Ra4 R3xg4 39. Ra7+ Kc6 40. Kd2 Rg7 41. Ra8 Rg8 42. Ra7 c4 43. Nc1 b5 44. Kc3 Kb6 45. Rf7 Rg3+ 46. Kb4 R8g6 47. Rf8 Rg8 48. Rf6+ Kb7 49. Kxb5 c3 50. Rf7+ Kb8 51. Kb4 c2 52. Rf2 Rc8 53. Rf1 Kb7 54. a4 Rg4+ 55. Kb3 Rd4 56. Rf2 Rdc4 57. Rh2 Kb6 58. Rg2 Ka5 59. Rh2 Rc3+ 60. Kb2 R3c4 61. Rh3 Rb8+ 62. Rb3 Rxb3+ 63. Kxb3 Rc8 64. Kb2 Kxa4 65. Nd3 Kb5 66. Nc1 {Zeit.} 1-0

[Event "XXII. DBMM Schach"]
[Site "Dresden"]
[Date "2024.01.21"]
[Round "7.4"]
[Board "4"]
[White "Kulp, Thomas"]
[Black "Klowski, Bjoern Sigurd"]
[Result "0-1"]
[WhiteElo "1200"]
[BlackElo "1601"]
[Annotator "br"]
[PlyCount "70"]
[GameId "489223834097"]
[EventDate "2024.01.18"]
[EventType "team-swiss"]
[EventRounds "7"]
[EventCountry "GER"]
[Tiebreak "Buchholz"]
[SourceTitle "XXII. DBMM Schach"]
[Source "FV Schach e.V."]
[SourceDate "2024.01.21"]
[SourceVersion "1"]
[SourceVersionDate "2024.01.21"]
[SourceQuality "1"]
[WhiteTeam "DZ Bank Frankfurt II"]
[BlackTeam "BSG Commerzbank Frankfurt"]
[WhiteTeamCountry "GER"]
[BlackTeamCountry "GER"]

1. e4 e6 2. f4 d5 3. exd5 exd5 4. Nf3 Bd6 5. d4 Nc6 6. Be2 Nf6 7. O-O O-O 8. c4 dxc4 9. Bxc4 Bf5 10. Nc3 Bg6 11. Ne5 Bxe5 12. dxe5 Qxd1 13. Rxd1 Ne4 14. Nd5 Rfd8 15. Be3 Rac8 16. Bb5 Kf8 17. Rac1 Bh5 18. Rd3 Be2 19. Rb3 Bxb5 20. Rxb5 a6 21. Rxb7 Rxd5 22. g4 Rd3 23. Bc5+ Nxc5 24. Rxc5 Nd8 25. Ra7 Ne6 26. Rc4 Rd1+ 27. Kf2 c5 28. Ke2 Rd4 29. Rxd4 cxd4 30. Kd3 Rd8 31. b4 Nxf4+ 32. Kd2 Ng6 33. Rxa6 Nxe5 34. h3 d3 35. Ra3 Nc4+ 0-1